[Event "Wch U08 rapid"]
[Site "Batumi"]
[Date "2023.06.08"]
[Round "10"]
[White "Goyal, Aryan"]
[Black "Timashkov, Tikhon Aleks"]
[Result "1-0"]
[WhiteElo "1229"]
[BlackElo "1103"]
[PlyCount "90"]
[EventDate "2023.06.06"]
[EventType "swiss (rapid)"]
[EventRounds "11"]
[EventCountry "GEO"]
[SourceTitle "EXT 2024"]
[Source "ChessBase"]
[SourceDate "2023.10.10"]
[SourceVersion "1"]
[SourceVersionDate "2023.10.10"]
[SourceQuality "1"]
[WhiteTeam "Indien"]
[BlackTeam "FIDE"]
[WhiteTeamCountry "IND"]

1. e4 c5 2. Nc3 e6 3. f4 d5 4. Bb5+ Nc6 5. Bxc6+ bxc6 6. d4 cxd4 7. Qxd4 c5 8. Qd3 Bb7 9. Qb5+ Qd7 10. Qxd7+ Kxd7 11. exd5 exd5 12. Nf3 Re8+ 13. Kf2 d4 14. Ne2 Nf6 15. Ne5+ Ke6 16. Ng3 Bd6 17. Re1 Bxe5 18. Rxe5+ Kd7 19. h3 Rxe5 20. fxe5 Ne4+ 21. Nxe4 Bxe4 22. c3 d3 23. Be3 Rc8 24. Rd1 Ke6 25. Bf4 c4 26. Re1 Bg6 27. Bd2 Rc5 28. Bf4 Ra5 29. a3 Rb5 30. Rb1 f6 31. exf6 Kxf6 32. Bd2 Re5 33. Re1 Rb5 34. Rb1 h6 35. g4 Re5 36. Re1 Rb5 37. Rb1 a5 38. Kf3 Re5 39. Re1 Rb5 40. Rb1 a4 41. Kf2 h5 42. Kf3 hxg4+ 43. hxg4 Bf7 44. Kf4 Kg6 45. Ke4 Bd5+ 1-0